[Event "Negombo op 3rd"]
[Site "Negambo"]
[Date "2017.08.20"]
[Round "2"]
[White "Rodrigo, I Vihanga Mithsara"]
[Black "Jayawardana, Lasal"]
[Result "0-1"]
[WhiteElo "1082"]
[BlackElo "1669"]
[PlyCount "54"]
[EventDate "2017.08.20"]
[EventType "swiss"]
[EventRounds "10"]
[EventCountry "SRI"]
[SourceTitle "CBM 180 Extra"]
[Source "ChessBase"]
[SourceDate "2017.10.06"]
[SourceVersion "1"]
[SourceVersionDate "2017.10.06"]
[SourceQuality "1"]

1. e4 c5 2. Nf3 d6 3. d4 cxd4 4. Nxd4 Nf6 5. Nc3 a6 6. Nf3 Nc6 7. Bf4 Qa5 8. Bd2 Qc7 9. Bg5 Be6 10. Bxf6 gxf6 11. Nd5 Bxd5 12. Qxd5 Nb4 13. Qd1 Nxc2+ 14. Ke2 Nxa1 15. Qxa1 Rc8 16. g3 Qc2+ 17. Nd2 Bh6 18. f4 e5 19. Bh3 Rc4 20. Ke3 exf4+ 21. gxf4 Bxf4+ 22. Kxf4 Qxd2+ 23. Kf5 Qf2+ 24. Kg4 Rg8+ 25. Kh5 Qf3+ 26. Kh4 Rxe4+ 27. Bg4 Qxg4# 0-1